LEADER 01511nam--2200445---450- 001 990001631810203316 005 20101123093422.0 010 $a88-14-10218-X 035 $a000163181 035 $aUSA01000163181 035 $a(ALEPH)000163181USA01 035 $a000163181 100 $a20040504d2003----km-y0enga50------ba 101 $aita 102 $aIT 105 $a||||||||001yy 200 1 $aDiritto contrattuale europeo e diritto dei consumatori$el'integrazione europea e il processo civile del 12 luglio 2002$fraccolti da Guido Alpa e Remo Danovi 210 $aMilano$cGiuffrè$dcopyr. 2003 215 $aVI, 414 p.$d25 cm 225 2 $aRassegna forense$iQuaderni$v11 300 $aIn testa al front.: Consiglio Nazionale Forense 410 0$12001$aRassegna forense$iQuaderni$v11 454 1$12001 461 1$1001-------$12001 606 0 $aConsumatori$xTutela$yDiritto Comunitario 606 0 $aContratti$xDiritto comunitario 676 $a346.402 702 1$aALPA,$bGuido 702 1$aDANOVI,$bRemo 801 0$aIT$bsalbc$gISBD 912 $a990001631810203316 951 $aXXIII.4.K. 901 (IG I 1950)$b40016 GIU$cXXIII.4.K. 901 (IG I)$d00133062 959 $aBK 969 $aGIU 979 $aMARIA$b10$c20040504$lUSA01$h1223 979 $aSIAVER1$b90$c20040614$lUSA01$h0956 979 $aRSIAV1$b90$c20090713$lUSA01$h1733 979 $aRSIAV2$b90$c20101123$lUSA01$h0934 996 $aDiritto contrattuale europeo e diritto dei consumatori$9663704 997 $aUNISA LEADER 02583nam 22005654a 450 001 9910829860903321 005 20230617012246.0 010 $a1-280-34563-2 010 $a9786610345632 010 $a0-471-48858-5 010 $a0-471-48857-7 035 $a(CKB)111087027121380 035 $a(EBL)469314 035 $a(OCoLC)54360464 035 $a(SSID)ssj0000222332 035 $a(PQKBManifestationID)11187858 035 $a(PQKBTitleCode)TC0000222332 035 $a(PQKBWorkID)10168823 035 $a(PQKB)11129714 035 $a(MiAaPQ)EBC469314 035 $a(EXLCZ)99111087027121380 100 $a20030611d2004 uy 0 101 0 $aeng 135 $aur|n|---||||| 181 $ctxt 182 $cc 183 $acr 200 10$aPlant genomics and proteomics$b[electronic resource] /$fChristopher A. Cullis 210 $aHoboken $cJ. Wiley & Sons$dc2004 215 $a1 online resource (230 p.) 300 $aDescription based upon print version of record. 311 $a0-471-37314-1 320 $aIncludes bibliographical references. 327 $aPLANT GENOMICS AND PROTEOMICS; CONTENTS; ACKNOWLEDGMENTS; INTRODUCTION; 1 THE STRUCTURE OF PLANT GENOMES; 2 THE BASIC TOOLBOX-ACQUIRING FUNCTIONAL GENOMIC DATA; 3 SEQUENCING STRATEGIES; 4 GENE DISCOVERY; 5 CONTROL OF GENE EXPRESSION; 6 FUNCTIONAL GENOMICS; 7 INTERACTIONS WITH THE EXTERNAL ENVIRONMENT; 8 IDENTIFICATION AND MANIPULATION OF COMPLEX TRAITS; 9 BIOINFORMATICS; 10 BIOETHICAL CONCERNS AND THE FUTURE OF PLANT GENOMICS; AFTERWORD; INDEX 330 $aPlant research has stood at the forefront of the genomics revolution. One of the first genome projects, the sequencing of the commonly used model organism Arabidopsis, has already yielded important results for the study of a broad array of crops such as corn and soybeans. With crop and food bioengineering only in its infancy, the need to understand the fundamental genetic mechanisms of plants will only become more pressing. A comprehensive guide to this fascinating area of genomics, Plant Genomics and Proteomics presents an integrated, broadly accessible treatment of the comple 606 $aPlant genomes 606 $aPlant proteomics 615 0$aPlant genomes. 615 0$aPlant proteomics. 676 $a572.8 676 $a572.8/62 676 $a572.862 700 $aCullis$b Christopher A.$f1945-$01278460 801 0$bMiAaPQ 801 1$bMiAaPQ 801 2$bMiAaPQ 906 $aBOOK 912 $a9910829860903321 996 $aPlant genomics and proteomics$93928190 997 $aUNINA